|
|
|
|
| LEADER |
01039cam a2200229 7i4500 |
| 001 |
0000026847 |
| 005 |
20110825090000.0 |
| 022 |
0 |
0 |
|a 15114953
|
| 090 |
0 |
0 |
|a M 669.14025
|b MAL
|
| 110 |
2 |
0 |
|a Malaysian Iron & Steel Industry Federation (MISIF)
|
| 245 |
2 |
0 |
|a MISIF directory 2010/ 11 :
|b index to iron & steel manufacturers in Malaysia.
|
| 260 |
0 |
0 |
|a Shah Alam:
|b Malaysian Iron & Steel Industry Federation (MISIF),
|c 2010.
|
| 300 |
# |
# |
|a 309 p.
|
| 650 |
0 |
0 |
|a Iron industry and trade --
|x Directories --
|z Malaysia
|
| 650 |
0 |
0 |
|a Steel industry and trade --
|x Directories --
|z Malaysia
|
| 651 |
0 |
0 |
|a Malaysia
|
| 999 |
|
|
|a JHR000282H
|b Directories
|c Malaysia
|e MATRADE Southern Regional Office
|
| 999 |
|
|
|a 0000029238
|b Directories
|c Malaysia
|e Business Information Centre
|
| 999 |
|
|
|a TRG000267H
|b Directories
|c Malaysia
|e Business Information Centre
|
| 999 |
|
|
|a PNG000990H
|b Directories
|c Malaysia
|e MATRADE Northern Regional Office
|
| 999 |
|
|
|a SBH000958H
|b Directories
|c Malaysia
|e MATRADE Sabah
|
| 999 |
|
|
|a SRW000385H
|b Directories
|c Malaysia
|e MATRADE Sarawak
|